Ser catequista hoy: itinerarios de fe para la formación espiritual del Ministro de la palabra
שמור ב:
| מחבר ראשי: | |
|---|---|
| פורמט: | ספר |
| שפה: | ספרדית |
| יצא לאור: |
Santander
Sal Terrae
1981
|
| מהדורה: | 4a. ed |
| סדרה: | Colección Pastoral, 10
|
| נושאים: | |
| תגים: |
הוספת תג
אין תגיות, היה/י הראשונ/ה לתייג את הרשומה!
|
MARC
| LEADER | 00000nam a2200000 a 4500 | ||
|---|---|---|---|
| 001 | UCX0237 | ||
| 003 | CL-VaPUC | ||
| 008 | 890830e19810000SP |||||||||||||||||spa|d | ||
| 020 | |a 8429306064 | ||
| 082 | 0 | 4 | |a 268.6 |b GAT |2 21 |
| 100 | 0 | |a Gatti, Gaetano |e author |9 315621 | |
| 245 | 1 | 0 | |a Ser catequista hoy: itinerarios de fe para la formación espiritual del Ministro de la palabra |
| 250 | |a 4a. ed | ||
| 300 | |a 236 p | ||
| 942 | |c BK | ||
| 945 | |d 19890830 00:00:00 | ||
| 260 | |a Santander |b Sal Terrae |c 1981 | ||
| 650 | 0 | |a Catequesis |9 314526 | |
| 583 | |a last modification |c 19890830 00:00:00 |k Rodrigo Vera | ||
| 490 | 0 | |a Colección Pastoral, 10 | |
| 999 | |c 221902 |d 221900 | ||
| 952 | |0 0 |1 0 |4 0 |6 268_600000000000000_GAT_1981 |7 0 |8 A |9 215936 |a BIBTEO |b BIBTEO |d 2019-11-15 |i 2845083 |o 268.6 GAT 1981 |p 2845083 |r 2025-01-17 |w 2019-11-15 |y BK |k ICR | ||
| 952 | |0 0 |1 0 |4 0 |6 268_600000000000000_GAT_1981 |7 0 |8 A |9 215937 |a BIBTEO |b BIBTEO |d 2019-11-15 |i 3032035 |o 268.6 GAT 1981 |p 3032035 |r 2025-01-17 |w 2019-11-15 |y BK |k ICR | ||